000
00212 a2200097 4500
001
47821
100
_a
Highland J
245
_a
Malignant neglect
260
_a
New York
_b
Vintage books
_c
090
_c
30822
_d
30822
942
_a
NUST-CAE
_c
M
_c
23139
999
_c
282894
_d
282894